01014nam a2200289Ia 4500952012900000999001300129003000400142005001700146008004100163020001500204020001800219040000900237041001300246050002300259100002100282245012800303246003400431260005700465300003800522500004800560650001700608650004600625700001400671700001100685700002100696942000700717 00102LCC4070aGETSbGETScGENd2020-08-30l1oBT27 .G4612 2017p00011186r2022-12-29 00:00:00s2022-11-07w2020-08-30yCB c572d572OSt20210114144152.0200830s9999||||xx |||||||||||||| ||und|| a7500479468 a9787500479468 cGETS achiheng aBT27 b.G4612 2009 aGeorge, Timothy  0a改教家的神学思想b= Theology of the reformers /c蒂莫西.乔治 (Timothy George) 著 ;‎ 王丽,‎ 孙岱君译 a改教家的神學思想b  a北京 : b中国社会科学出版社,c2017, c2009 a2, 5, 3, 4, 4, 409 p.b;c23 cm.  aTranslation of: Theology of the reformers. aReformation. aTheology, Doctrinal History 16th century. a孙岱君 a王丽 a蒂莫西.乔治 cCB